| 000 | 00720nam a2200181 i 4500 | ||
|---|---|---|---|
| 001 | 41780 | ||
| 003 | ES-MaACL | ||
| 005 | 20250902063053.0 | ||
| 007 | t| | ||
| 008 | 030311s1903 sp ||||1| spa d | ||
| 100 | 1 |
_aCastellarnau, Joaquín María de, _d1848-1943 _9143533 |
|
| 245 | 1 | 0 |
_aEstudio del sistema leñoso de las especies forestales _b: descripción micrográfica de la madera de las especies Carpinus Betulus, Linn, Corylus Anellana Linn y Alnus Glutinosa, Gèartn / _cJoaquín María Castellarnau y Lleopart. |
| 260 |
_aMadrid : _b[s.n., _c1903] ( _fImp. Alemana) |
||
| 300 |
_a114 p. ; _c25 cm. |
||
| 650 | 4 |
_aMadera- _xAnatomía. _9151954 |
|
| 852 |
_aES-MaACL _jF-6448 |
||
| 999 |
_c41780 _d41780 |
||